Risk Management in the Non-profit Public Sector - Hazards of a Lack of Reflection within the Police Force

Skúmanie a hodnotenie zohľadnenia zákonných obmedzení pre policajtov a obmedzení mimo neziskového sektora verejnej správy.

Saved in:
Bibliographic Details
Main Author: Huschbeck, Torsten
Other Authors: Haas, Oliver, Markovič, Peter, 1974-
Format: Book Chapter
Language:English
Subjects:
Tags: Add Tag
No Tags, Be the first to tag this record!

MARC

LEADER 00000naa$a2200000$$$4500
001 0306025
005 20250529141248.6
041 0 |a eng 
044 |a CH 
245 1 0 |a Risk Management in the Non-profit Public Sector - Hazards of a Lack of Reflection within the Police Force  |c Torsten Huschbeck, Oliver Haas, Peter Markovič 
520 |a Skúmanie a hodnotenie zohľadnenia zákonných obmedzení pre policajtov a obmedzení mimo neziskového sektora verejnej správy. 
610 2 0 |a manažment krízový 
610 2 0 |a manažment 
610 2 0 |a riziko 
610 2 0 |a polícia 
610 2 0 |a scenáre 
610 2 0 |a technika 
610 2 0 |a správa verejná 
100 1 |a Huschbeck, Torsten 
700 1 |a Haas, Oliver 
700 1 |a Markovič, Peter, 1974-